The Services textbook Radio (Record no. 178480)
[ view plain ]
| 000 -LEADER | |
|---|---|
| fixed length control field | 00988 a2200181 4500 |
| 003 - CONTROL NUMBER IDENTIFIER | |
| control field | Nust |
| 005 - DATE AND TIME OF LATEST TRANSACTION | |
| control field | 20170207153036.0 |
| 040 ## - CATALOGING SOURCE | |
| Transcribing agency | Nust |
| 082 ## - DEWEY DECIMAL CLASSIFICATION NUMBER | |
| Classification number | 621.384 |
| 100 ## - MAIN ENTRY--PERSONAL NAME | |
| Personal name | Glazier E.V.D |
| 245 ## - TITLE STATEMENT | |
| Title | The Services textbook Radio |
| Remainder of title | Transmission and propagation |
| Statement of responsibility, etc. | E.V.D Glazier and H.R L Lamont |
| 260 ## - PUBLICATION, DISTRIBUTION, ETC. | |
| Place of publication, distribution, etc. | London |
| Name of publisher, distributor, etc. | Stationery office |
| Date of publication, distribution, etc. | 1958 |
| 300 ## - PHYSICAL DESCRIPTION | |
| Extent | 500 |
| 505 ## - FORMATTED CONTENTS NOTE | |
| Formatted contents note | Properties of Electrical Lines (Page-1) Low-Frequency Transmission Lines (page-29) Reflections in Transmission Lines (Page-53) Transmission Lines for Radio- Frequency (Page-90) Electromagnetic Waves (page-128) Guided Waves (Page-150) Waveguide Components and Techniques (Page-185) Cavity Resonators (Page-231) Principles of Radiation (Page-256) Basic Theory of Aerial Elements and Arrays (Page-282) L.F., M.., and H.F. Aerials (page-330)V.H.F. Aerials (Page-399) Wave Propagation (Page-437) |
| 538 ## - SYSTEM DETAILS NOTE | |
| System details note | Almirah No.127 Shelf No.5 |
| 600 ## - SUBJECT ADDED ENTRY--PERSONAL NAME | |
| Personal name | E.V.D Glazier and H.R L Lamont |
| 650 ## - SUBJECT ADDED ENTRY--TOPICAL TERM | |
| Topical term or geographic name entry element | Transmission and propagation |
| 942 ## - ADDED ENTRY ELEMENTS (KOHA) | |
| Source of classification or shelving scheme | |
| Koha item type | Book |
| Withdrawn status | Lost status | Source of classification or shelving scheme | Damaged status | Not for loan | Permanent Location | Current Location | Date acquired | Total Checkouts | Full call number | Barcode | Date last seen | Price effective from | Koha item type |
|---|---|---|---|---|---|---|---|---|---|---|---|---|---|
| Military College of Signals (MCS) | Military College of Signals (MCS) | 05/21/2024 | 621.384 | mcs9314 | 05/21/2024 | 05/21/2024 | Book | ||||||
| Military College of Signals (MCS) | Military College of Signals (MCS) | 05/21/2024 | 621.384 | mcs9338 | 05/21/2024 | 05/21/2024 | Book | ||||||
| Military College of Signals (MCS) | Military College of Signals (MCS) | 05/21/2024 | 621.384 | mcs9071 | 05/21/2024 | 05/21/2024 | Book |
